Гидрогеология и карстоведение. Методика изучения карства: межвузовский сборник научных трудов

Detaylı Bibliyografya
Müşterek Yazar: Пермский государственный университет (ПГУ)
Diğer Yazarlar: Печеркин И. А.
Dil:Rusça
Baskı/Yayın Bilgisi: Пермь, Изд-во Пермского ун-та, 1987
Konular:
Materyal Türü: Kitap
KOHA link:https://koha.lib.tpu.ru/cgi-bin/koha/opac-detail.pl?biblionumber=374339

MARC

LEADER 00000nam0a2200000 4500
001 374339
005 20231102012637.0
035 |a (RuTPU)RU\TPU\retro\31773 
035 |a RU\TPU\book\271301 
090 |a 374339 
100 |a 20221219d1987 k y0rusy50 ca 
101 0 |a rus 
102 |a RU 
105 |a a z 000zy 
200 1 |a Гидрогеология и карстоведение. Методика изучения карства  |e межвузовский сборник научных трудов  |f Пермский государственный университет (ПГУ) ; отв. за вып. И. А. Печеркин 
210 |a Пермь  |c Изд-во Пермского ун-та  |d 1987 
215 |a 184 с.  |c ил. 
606 1 |a Карст  |x Гидрогеология  |2 stltpush  |3 (RuTPU)RU\TPU\subj\13916  |9 40454 
610 1 |a гидрогеологические исследования 
610 1 |a методические подходы 
610 1 |a карстовые россыпи 
675 |a 556.332  |v 3 
702 1 |a Печеркин  |b И. А.  |4 540 
712 0 2 |a Пермский государственный университет (ПГУ)  |2 stltpush  |3 (RuTPU)RU\TPU\col\189 
801 1 |a RU  |b 63413507  |c 20140110 
801 2 |a RU  |b 63413507  |c 20221219  |g RCR 
942 |c BK